000 00470nam a2200169Ia 4500
003 LK-CoDNM
005 20240729125404.0
008 010623t1915 xxu||||| |||| 00| 1 eng d
040 _aLK-CoDNM
_dLK-CoDNM
_eLK-CoDNM
041 _aeng
080 _a14
_bV4.1
100 _aAnesaki,M.
245 _aBuddhist Art : In its Relation to Buddhist Ideals
260 _bHoughton Mifflin Company
_aBoston and New York
_c1915
300 _bxv, 73p. : 47ill ; 30 cm
942 _cBK
999 _c88360
_d88360